[Event "South America-ch U16 17th"]
[Site "Guayaquil"]
[Date "2022.01.29"]
[Round "7"]
[White "Montevilla Cahuasa, Elias Alejandro"]
[Black "Fierro Leon, Pablo"]
[Result "1-0"]
[WhiteElo "1412"]
[BlackElo "1499"]
[PlyCount "75"]
[EventDate "2022.01.25"]
[EventType "swiss"]
[EventRounds "9"]
[EventCountry "ECU"]
[SourceTitle "CBM 206 Extra"]
[Source "ChessBase"]
[SourceDate "2022.03.31"]
[SourceVersion "1"]
[SourceVersionDate "2022.03.31"]
[SourceQuality "1"]

1. e4 d6 2. d4 Nf6 3. Nc3 g6 4. Bg5 Bg7 5. e5 Nfd7 6. f4 f6 7. exf6 Nxf6 8. Bc4 c6 9. Nf3 d5 10. Bd3 Bg4 11. h3 Bxf3 12. Qxf3 Qb6 13. 0-0-0 Na6 14. f5 Nb4 15. fxg6 Nxd3+ 16. Qxd3 h6 17. Bf4 Rc8 18. Rhe1 0-0 19. Qe3 c5 20. dxc5 Qxc5 21. Qxc5 Rxc5 22. Rxe7 Rfc8 23. Be5 b5 24. Rd2 h5 25. Nxd5 R5c6 26. Nxf6+ Bxf6 27. Bxf6 Rxf6 28. c3 a6 29. Re5 h4 30. Rg5 Rcc6 31. Rd4 Rxg6 32. Rxg6+ Rxg6 33. Rg4 Kf7 34. Rxg6 Kxg6 35. Kd2 Kf5 36. Ke3 Kg5 37. Ke4 a5 38. b3 1-0

[Event "Pan American-ch U14"]
[Site "Guayaquil"]
[Date "2019.07.24"]
[Round "6"]
[White "Fierro Leon, Pablo"]
[Black "Alvarado Zamora, Albert"]
[Result "1-0"]
[WhiteElo "1442"]
[BlackElo "1887"]
[PlyCount "115"]
[EventDate "2019.07.21"]
[EventType "swiss"]
[EventRounds "9"]
[EventCountry "ECU"]
[SourceTitle "EXT 2020"]
[Source "ChessBase"]
[SourceDate "2019.10.17"]
[SourceVersion "1"]
[SourceVersionDate "2019.10.17"]
[SourceQuality "1"]

1. d4 Nf6 2. c4 d6 3. Nc3 Nbd7 4. Nf3 e5 5. g3 c6 6. Bg2 Be7 7. 0-0 0-0 8. e4 a6 9. d5 Qc7 10. Ne1 cxd5 11. cxd5 b5 12. Nd3 Re8 13. Kh1 Rb8 14. a3 Bf8 15. Be3 Nb6 16. Bxb6 Rxb6 17. Rc1 Qe7 18. Nb4 Qd7 19. h3 Bb7 20. f4 a5 21. Nd3 exf4 22. Rxf4 Qe7 23. Qf3 Nd7 24. Rf1 f6 25. Nd1 Bc8 26. Ne3 Ne5 27. Nxe5 dxe5 28. Nf5 Bxf5 29. Rxf5 b4 30. a4 Qd7 31. b3 Rc8 32. g4 Rc3 33. Qf2 Bc5 34. Qh4 h6 35. R1f3 Rb8 36. Qh5 Rc8 37. h4 Rxf3 38. Rxf3 Qe8 39. Qxe8+ Rxe8 40. Bf1 Kf7 41. Bc4 Rf8 42. Rd3 Ke7 43. h5 g6 44. hxg6 Rg8 45. Rd2 Rxg6 46. Be2 Kd6 47. Rc2 Rg5 48. Kh2 h5 49. gxh5 f5 50. h6 Rg6 51. exf5 Rxh6+ 52. Kg3 Kxd5 53. Bf3+ Kd6 54. Kg4 Rf6 55. Be4 Rf8 56. Kg5 Rg8+ 57. Kf6 Rg4 58. Re2 1-0

[Event "Pan American-ch U14"]
[Site "Guayaquil"]
[Date "2019.07.24"]
[Round "5"]
[White "Johnson, Donald"]
[Black "Fierro Leon, Pablo"]
[Result "1-0"]
[WhiteElo "1757"]
[BlackElo "1442"]
[PlyCount "55"]
[EventDate "2019.07.21"]
[EventType "swiss"]
[EventRounds "9"]
[EventCountry "ECU"]
[SourceTitle "EXT 2020"]
[Source "ChessBase"]
[SourceDate "2019.10.17"]
[SourceVersion "1"]
[SourceVersionDate "2019.10.17"]
[SourceQuality "1"]

1. e4 d6 2. d4 Nf6 3. Nc3 g6 4. f4 Bg7 5. Nf3 0-0 6. Bd3 a6 7. 0-0 c5 8. dxc5 dxc5 9. a4 Nc6 10. Be3 b6 11. Kh1 Bb7 12. Qe2 Nb4 13. e5 Ng4 14. Rfd1 Qc8 15. h3 Nxe3 16. Qxe3 f5 17. Bc4+ Kh8 18. Rd2 Bc6 19. Ng5 Qb7 20. Rad1 h6 21. Qg3 b5 22. Ne6 bxc4 23. Qxg6 Rg8 24. Nxg7 Rxg7 25. Rd8+ Be8 26. Qxe8+ Kh7 27. Qh8+ Kg6 28. Rxa8 1-0